Statistics for Non-sovereign territory Olympic committees

Click here to take the quiz!

General Stats

  • This quiz has been taken 79 times
    (47 since last reset)
  • The average score is 6 of 11

Answer Stats

National Olympic Committee% Correct
Hong Kong, China
89%
Puerto Rico
73%
Bermuda
70%
Virgin Islands, British
59%
Guam
57%
Cayman Islands
52%
Cook Islands
52%
Virgin Islands, US
52%
Aruba
48%
American Samoa
34%
Refugee Olympic Team
20%

Score Distribution

Percentile by Number Answered

Percent of People with Each Score

Your Score History

You have not taken this quiz since the last reset